[Event "Esbjerg Efterår 2019"]
[Site "?"]
[Date "2019.10.18"]
[Round "2.9"]
[White "Munksgaard, Dennis"]
[Black "Carlstedt, Jonathan"]
[Result "0-1"]
[BlackElo "2442"]
[WhiteElo "1967"]
[LiveChessVersion "1.4.8"]

1. b4 {[%clk 0:20:04]} d5 {[%clk 0:20:02]} 2. Bb2 {[%clk 0:20:06]} Bg4
{[%clk 0:20:05]} 3. Nf3 {[%clk 0:19:02]} Nd7 {[%clk 0:20:05]} 4. e3
{[%clk 0:18:23]} e5 {[%clk 0:20:07]} 5. Be2 {[%clk 0:18:18]} Bxf3
{[%clk 0:19:36]} 6. gxf3 {[%clk 0:17:57]} Bxb4 {[%clk 0:19:28]} 7. f4
{[%clk 0:17:57]} Bd6 {[%clk 0:19:12]} 8. Rg1 {[%clk 0:16:31]} Qh4
{[%clk 0:17:41]} 9. Rxg7 {[%clk 0:14:20]} Ngf6 {[%clk 0:17:19]} 10. fxe5
{[%clk 0:10:56]} Bxe5 {[%clk 0:17:12]} 11. Bxe5 {[%clk 0:07:54]} Nxe5
{[%clk 0:17:15]} 12. Rg2 {[%clk 0:07:20]} O-O-O {[%clk 0:16:38]} 13. d4
{[%clk 0:06:35]} Rhg8 {[%clk 0:15:49]} 14. dxe5 {[%clk 0:04:40]} Rxg2
{[%clk 0:15:49]} 15. exf6 {[%clk 0:04:39]} Qxf2+ {[%clk 0:15:48]} 16. Kd2
{[%clk 0:04:42]} d4 {[%clk 0:15:51]} 17. Ke1 {[%clk 0:01:18]} 0-1